00819nam a22002417a 45000010005000000030006000050050017000110080041000280400029000690500008000980820008001061000023001142450015001372600045001523000057001974900030002545050007002845200170002915210027004615210018004886500044005066500027005509922FISKH20260317092236.0260317b cb ||||| |||| 00| 0 eng d aFISKHbengcFISKHdFISKH aPZ7 a823 aAnonymous eAuthor aPlaytime / aNew Delhi : bSterling Publisher ,c2012 a24 unnumbered pages : bcolor illustrations ;c18 cm aI like to read :vLevel 2 aJ  aA simple story about children enjoying playtime activities, designed to build reading confidence through repetition, familiar vocabulary, and engaging illustrations.8 a500 bLexile estimate 8 aJ bRaz-Plus  aEarly readers vChildren’s fiction  aPlaytime vDaily life